| 000 | 00566nam a2200217Ia 4500 | ||
|---|---|---|---|
| 005 | 20230502163614.0 | ||
| 008 | 230125s9999 xx 000 0 und d | ||
| 020 | _a978-0-19-457903-2 | ||
| 041 | _aeng | ||
| 082 |
_a658.312 44 _bPLE |
||
| 100 |
_aPledger P _9116514 |
||
| 245 |
_aEnglish for Human Resources _bExpress Series |
||
| 260 |
_c2014 _bOxford University Press _aNew Delhi |
||
| 300 | _a80p | ||
| 500 | _aHRM;HRM Gen | ||
| 650 |
_aHRM;HRM Gen _9119831 |
||
| 700 |
_aPledger P _9116514 |
||
| 906 | _b124 | ||
| 942 | _cBK | ||
| 999 |
_c94185 _d94185 |
||